Movie Gadgets! Quiz Stats

 Plays Quiz Updated Aug 3, 2018

Challenge
Share
Tweet
Score 0/25 Timer 07:00
2 Plays Today
% Correct
Back to the Future Part II
96.6%
Men in Black 3
94%
Iron Man
93.3%
Ghostbusters
91.4%
Inspector Gadget
87.9%
Honey, I Shrunk the Kids
87.7%
Mission: Impossible - Ghost Protocol
86.4%
X-Men
83.6%
The Goonies
81.5%
Click
79.4%
Get Smart
75.1%
Spy Kids 2: The Island of Lost Dreams
71.9%
Inception
71.2%
% Correct
The Fifth Element
68.1%
The Dark Knight
65.6%
Minority Report
65.1%
Blade Runner
63.6%
Kingsman: The Secret Service
62.9%
The World is Not Enough
59.6%
District 9
55%
The Fly
51.7%
Big Hero 6
51.2%
Prometheus
35.6%
Despicable Me 2
31.3%
Total Recall
16.1%

You're not logged in!

Compare scores with friends on all Sporcle quizzes.
Join for Free
OR
Log In

You Might Also Like...

Show Comments

Extras

Top Quizzes Today


Score Distribution

Your Account Isn't Verified!

In order to create a playlist on Sporcle, you need to verify the email address you used during registration. Go to your Sporcle Settings to finish the process.

Report this User

Report this user for behavior that violates our Community Guidelines.

Details: